Plant Pathology / (Record no. 108)
[ view plain ]
| 000 -LEADER | |
|---|---|
| fixed length control field | 00731nam a2200289Ia 4500 |
| 001 - CONTROL NUMBER | |
| control field | 108 |
| 005 - DATE AND TIME OF LATEST TRANSACTION | |
| control field | 20240113233355.0 |
| 007 - PHYSICAL DESCRIPTION FIXED FIELD--GENERAL INFORMATION | |
| fixed length control field | ta |
| 008 - FIXED-LENGTH DATA ELEMENTS--GENERAL INFORMATION | |
| fixed length control field | 041127s 198 a g b000 u eng u |
| 020 ## - INTERNATIONAL STANDARD BOOK NUMBER | |
| Terms of availability | PB |
| 040 ## - CATALOGING SOURCE | |
| Original cataloging agency | Cotton College,Assam |
| 041 ## - LANGUAGE CODE | |
| Language code of text/sound track or separate title | eng |
| 082 ## - DEWEY DECIMAL CLASSIFICATION NUMBER | |
| Classification number | 581.2 |
| Item number | Me 474 Pl |
| 100 ## - MAIN ENTRY--PERSONAL NAME | |
| Personal name | Mehrotra, R.S.. |
| 245 #0 - TITLE STATEMENT | |
| Title | Plant Pathology / |
| Statement of responsibility, etc. | R.S. Mehrotra. |
| Medium | Textual Documents |
| 260 ## - PUBLICATION, DISTRIBUTION, ETC. | |
| Place of publication, distribution, etc. | New Delhi : |
| Name of publisher, distributor, etc. | Tata Mcgraw-Hill Publishing Company Ltd , |
| Date of publication, distribution, etc. | C 1980. |
| 300 ## - PHYSICAL DESCRIPTION | |
| Extent | xv, 771p. : |
| Other physical details | ill ; |
| Dimensions | 25cm. . |
| 504 ## - BIBLIOGRAPHY, ETC. NOTE | |
| Bibliography, etc. note | Index |
| 653 ## - INDEX TERM--UNCONTROLLED | |
| Uncontrolled term | Botany |
| 653 ## - INDEX TERM--UNCONTROLLED | |
| Uncontrolled term | Plant Pathology |
| 942 ## - ADDED ENTRY ELEMENTS (KOHA) | |
| Source of classification or shelving scheme | Dewey Decimal Classification |
| Koha item type | Books |
| Withdrawn status | Lost status | Damaged status | Not for loan | Collection | Home library | Current library | Date acquired | Coded location qualifier | Total checkouts | Total renewals | Full call number | Barcode | Date last seen | Date last checked out | Copy number | Price effective from | Koha item type |
|---|---|---|---|---|---|---|---|---|---|---|---|---|---|---|---|---|---|
| Dr. Suryya Kumar Bhuyan Library | Dr. Suryya Kumar Bhuyan Library | 01/02/2012 | 00000 | 1 | 1 | 581.2 Me 474 Pl | 84079 | 18/03/2025 | 21/02/2025 | 1 | 01/02/2012 | Books | |||||
| Dr. Suryya Kumar Bhuyan Library | Dr. Suryya Kumar Bhuyan Library | 01/02/2012 | 00000 | 581.2 Me 474 Pl | 130//Bot | 13/01/2024 | 4 | 01/02/2012 | Books | ||||||||
| Dr. Suryya Kumar Bhuyan Library | Dr. Suryya Kumar Bhuyan Library | 01/02/2012 | 00000 | 581.2 Me 474 Pl | 130/Bot | 20/05/2025 | 2 | 01/02/2012 | Books | ||||||||
| Dr. Suryya Kumar Bhuyan Library | Dr. Suryya Kumar Bhuyan Library | 01/02/2012 | 00000 | 581.2 Me 474 Pl | 131/Bot | 13/01/2024 | 3 | 01/02/2012 | Books |
